000 01568nam a2200481 i 4500
001 43620
003 KOSZ 005
005 20220506092232.0
008 011026s2002 pl a |001 0 pol
015 _aUWD 2002/4503
020 _a8302074748
035 _a991017855449705066
035 _a(PL-WaBN)b14833578-48omnis_nlop
035 _ab14833578
035 _a(OCoLC)750796659
035 _a(PL)b0000001483357
035 _a(EXLNZ-48OMNIS_NETWORK)9910134917105606
040 _aWA N
_cWA N
_dKOSZ 005/HR
046 _k2002
080 _a37.091.3-027.236
080 _a(07)
100 1 _aNiemierko, Bolesław
_d(1935- )
_eAutor
245 1 0 _aPomiar wyników kształcenia /
_cBolesław Niemierko.
250 _aWyd. 3 popr.
260 _aWarszawa :
_bWydawnictwa Szkolne i Pedagogiczne,
_c[2002].
300 _a312 s. :
_bil. ;
_c24 cm.
336 _aTekst
_btxt
_2rdacontent
337 _aBez urządzenia pośredniczącego
_bn
_2rdamedia
338 _aWolumin
_bnc
_2rdacarrier
380 _aKsiążki
388 _a2001-
490 1 _aLiteratura Pedagogiczna
504 _aBibliogr. Indeksy.
650 7 _aEfektywność nauczania
655 7 _aPodręcznik
_2DBN
655 7 _aSprawdziany i testy
_2DBN
658 _aEdukacja i pedagogika
710 2 _aWydawnictwa Szkolne i Pedagogiczne
_4pbl
830 0 _aLiteratura Pedagogiczna
856 _uhttp://koha.tu.koszalin.pl/cgi-bin/koha/opac-detail.pl?biblionumber=43620
_yKatalog online BPK
942 _2UKD
_cKS
999 _c43620
_d43620